书目信息 |
| 题名: |
水利水电工程招标投标运作指南
|
|
| 作者: | 董建军 , 王刚 , 王文新 , 陈彦生 编著 | |
| 分册: | ||
| 出版信息: | 北京 中国水利水电出版社 2004.02 |
|
| 页数: | 685页 | |
| 开本: | 26cm | |
| 丛书名: | ||
| 单 册: | ||
| 中图分类: | TV51-62 | |
| 科图分类: | ||
| 主题词: | 水利工程--shui li gong cheng--招标 | |
| 电子资源: | ||
| ISBN: | 7-5084-1373-3 | |
| 000 | 01303nam0 2200301 450 | |
| 001 | 012008091438 | |
| 005 | 20080321100720.86 | |
| 010 | @a7-5084-1373-3@dCNY118.00 | |
| 100 | @a20080321d2004 km y0chiy0120 ea | |
| 101 | 1 | @achi@ceng |
| 102 | @aCN@b110000 | |
| 105 | @aa a 000yy | |
| 106 | @ar | |
| 200 | 1 | @a水利水电工程招标投标运作指南@AShui Li Shui Dian Gong Cheng Zhao Biao Tou Biao Yun Zuo Zhi Nan@d= Guidelines: call for tender and tendering of hydraulic and hydroelectric engineerings@f王文新 ... [等] 编著@zeng |
| 210 | @a北京@c中国水利水电出版社@d2004.02 | |
| 215 | @a685页@c图@d26cm | |
| 304 | @a题名页责任说明题: 王文新, 董建军, 王刚, 陈彦生编著 | |
| 320 | @a有书目 (第683-685页)。 | |
| 330 | @a本书介绍了水利水电工程招标投标运作全过程,对水利水电工程及其招标投标有关术语以国际惯例与法规作了释义,重点介绍了招标投标应该遵循的法规、要求以及运作指导等内容。 | |
| 510 | 1 | @aGuidelines: call for tender and tendering of hydraulic and hydroelectric engineerings@zeng |
| 606 | 0 | @a水利工程@Ashui li gong cheng@x招标 |
| 690 | @aTV51-62@v4 | |
| 701 | 0 | @a董建军@ADong Jian Jun@4编著 |
| 701 | 0 | @a王刚@AWang Gang@4编著 |
| 701 | 0 | @a王文新@AWang Wen Xin@4编著 |
| 701 | 0 | @a陈彦生@Achen yan sheng@4编著 |
| 801 | 0 | @aCN@bQSSK@c20080321 |
| 905 | @b20289279-80@dTV51-62@eD702@f2 | |
| 水利水电工程招标投标运作指南= Guidelines: call for tender and tendering of hydraulic and hydroelectric engineerings/王文新 ... [等] 编著.-北京:中国水利水电出版社,2004.02 |
| 685页:图;26cm |
| ISBN 7-5084-1373-3:CNY118.00 |
| 本书介绍了水利水电工程招标投标运作全过程,对水利水电工程及其招标投标有关术语以国际惯例与法规作了释义,重点介绍了招标投标应该遵循的法规、要求以及运作指导等内容。 |
| ● |
| 相关链接 |
|
|
|
正题名:水利水电工程招标投标运作指南
索取号:TV51-62/D702
 
预约/预借
| 序号 | 登录号 | 条形码 | 馆藏地/架位号 | 状态 | 备注 |
| 1 | 289279 | 202892799 | 自科库501/501自科库 78排1列2层/ [索取号:TV51-62/D702] | 在馆 | |
| 2 | 289280 | 202892806 | 自科库501/501自科库 78排1列2层/ [索取号:TV51-62/D702] | 在馆 |